Княжна Тараканова

Bibliographische Detailangaben
1. Verfasser: Лунинский Э.
Weitere Verfasser: Петручик В. (переводчик), Бакушев М. (художник)
Zusammenfassung:Репринтное воспроизведение издания Московского Книгоиздательского Товарищества "Образование" 1909 г. Типо-литография Русского Товарищества печатного и издательского дела.
Sprache:Russisch
Veröffentlicht: Москва, Орбита, [1991]
Ausgabe:Репр. изд.
Schlagworte:
Format: MixedMaterials Buch
KOHA link:https://koha.lib.tpu.ru/cgi-bin/koha/opac-detail.pl?biblionumber=172079

MARC

LEADER 00000nam0a2200000 4500
001 172079
005 20251208144056.0
010 |a 5852100579 
035 |a (RuTPU)RU\TPU\book\186560 
090 |a 172079 
100 |a 20091210e1991 km y0rusy50 ca 
101 1 |a rus  |c pol 
102 |a RU 
105 |a ac z 001zb 
200 1 |a Княжна Тараканова  |f Э. Лунинский  |g пер. В. Петручик ; худ. М. Бакушев 
205 |a Репр. изд. 
210 |a Москва  |c Орбита  |d [1991] 
215 |a 159 с.  |c ил.  |d 21,5 см. 
300 |a Репринтное воспроизведение издания Московского Книгоиздательского Товарищества "Образование" 1909 г. Типо-литография Русского Товарищества печатного и издательского дела. 
320 |a Постраничные примечания. 
600 1 |a Тараканова  |b Е.  |c российская авантюристка  |c выдавала себя за дочь императрицы Елизаветы Петровны  |f около 1745-1775  |g Елизавета  |2 stltpush  |3 (RuTPU)RU\TPU\pers\12031  |9 3120 
606 |a Россия  |x История  |z кон. 17-18 вв.  |9 81797 
610 1 |a 18 век 
610 1 |a авантюристы 
610 1 |a самозванцы 
686 |a Т3(2)51  |2 rubbk 
700 1 |a Лунинский  |b Э. 
702 1 |a Петручик  |b В.  |4 730 
702 1 |a Бакушев  |b М.  |4 040 
801 1 |a RU  |b 63413507  |c 20091210 
801 2 |a RU  |b 63413507  |c 20121130  |g RCR 
942 |c BK